| 000 | 00827nam a2200205Ii 4500 | ||
|---|---|---|---|
| 003 | JO-AjNU | ||
| 008 | 230605s9999||||xx |||||||||||||| ||und|| | ||
| 017 | _a2009/1/147 | ||
| 040 |
_aJO-AjNU _bara _erda _cJO-AjNU |
||
| 041 | _aara | ||
| 050 | 1 | 4 | _aPJ7755.S43 2009 |
| 100 | 3 |
_aتأليف شهوان،وفاء سعيد , _eauthor _911256 |
|
| 245 | 0 | 0 | _aضياء الدين إبن الأثير وشعراء المعارك النقدية (( أبو تمام والبحتري والمتنبي )) |
| 264 | 3 | 1 | _aعمان:دار عالم الثقافة للنشر والتوزيع،2009 |
| 300 | _a450ص | ||
| 336 |
_atext _btxt _2rdacontent |
||
| 337 |
_aunmediated _bn _2rdamedia |
||
| 338 |
_avolume _bnc _2rdacarrier |
||
| 650 | 4 |
_a الشعراء العرب - العصر العباسي - تراجم - تاريخ ونقد _911257 |
|
| 999 |
_aA2230 _c5798 _d5798 |
||